Cruise ports. (Record no. 310941)
[ view plain ]
| 000 -LEADER | |
|---|---|
| fixed length control field | 01739cam a2200469Mi 4500 |
| 001 - CONTROL NUMBER | |
| control field | on1043183079 |
| 003 - CONTROL NUMBER IDENTIFIER | |
| control field | OCoLC |
| 005 - DATE AND TIME OF LATEST TRANSACTION | |
| control field | 20200320212441.0 |
| 008 - FIXED-LENGTH DATA ELEMENTS--GENERAL INFORMATION | |
| fixed length control field | 180612s2018 vraab e bkq 001 0 eng d |
| 020 ## - INTERNATIONAL STANDARD BOOK NUMBER | |
| International Standard Book Number | 1787014185 |
| Qualifying information | (pbk.) |
| 020 ## - INTERNATIONAL STANDARD BOOK NUMBER | |
| International Standard Book Number | 9781787014183 |
| Qualifying information | (pbk.) |
| 020 ## - INTERNATIONAL STANDARD BOOK NUMBER | |
| Terms of availability | 19.99 |
| 035 ## - SYSTEM CONTROL NUMBER | |
| System control number | (OCoLC)1043183079 |
| 040 ## - CATALOGING SOURCE | |
| Original cataloging agency | CNEDM |
| Language of cataloging | eng |
| Description conventions | rda |
| Transcribing agency | CNEDM |
| Modifying agency | OCLCO |
| -- | WACOL |
| 049 ## - LOCAL HOLDINGS (OCLC) | |
| Holding library | WACL |
| 082 04 - DEWEY DECIMAL CLASSIFICATION NUMBER | |
| Classification number | 917.2904 |
| Edition number | 23 |
| 092 ## - LOCALLY ASSIGNED DEWEY CALL NUMBER (OCLC) | |
| Classification number | 917.29045 KIN 2018 |
| 092 ## - LOCALLY ASSIGNED DEWEY CALL NUMBER (OCLC) | |
| Classification number | 917.29 |
| Item number | Kin |
| 100 1# - MAIN ENTRY--PERSONAL NAME | |
| Personal name | Kinser, Joshua. |
| 9 (RLIN) | 5975374 |
| 245 10 - TITLE STATEMENT | |
| Title | Cruise ports. |
| Name of part/section of a work | Caribbean : |
| Remainder of title | a guide to perfect days on shore / |
| Statement of responsibility, etc | Joshua Kinser, Ray Bartlett, Paul Clammer [and 10 others]. |
| 246 3# - VARYING FORM OF TITLE | |
| Title proper/short title | Lonely Planet Cruise ports. |
| Name of part/section of a work | Caribbean |
| 246 30 - VARYING FORM OF TITLE | |
| Title proper/short title | Caribbean |
| 250 ## - EDITION STATEMENT | |
| Edition statement | 1st edition. |
| 264 #1 - Production, Publication, Distribution, Manufacture, and Copyright Notice. | |
| Place of production, publication, distribution, manufacture | Carlton, Victoria : |
| Name of producer, publisher, distributor, manufacturer | Lonely Planet Global, |
| Date of production, publication, distribution, manufacture, or copyr | 2018. |
| 300 ## - PHYSICAL DESCRIPTION | |
| Extent | 322 pages : |
| Other physical details | colour illustrations, colour maps |
| 336 ## - Content Type | |
| Content type term | text |
| 337 ## - Media type | |
| Media type term | unmediated |
| 338 ## - Carrier type | |
| Carrier type term | volume |
| 500 ## - GENERAL NOTE | |
| General note | At head of title: Lonely Planet. |
| 500 ## - GENERAL NOTE | |
| General note | Folded map of Miami attached. |
| 504 ## - BIBLIOGRAPHY, ETC. NOTE | |
| Bibliography, etc | Includes bibliographical references, filmography, discography, Internet addresses and indexes. |
| 650 #0 - SUBJECT ADDED ENTRY--TOPICAL TERM | |
| Topical term or geographic name as entry element | Cities and towns |
| Geographic subdivision | Caribbean Area |
| Form subdivision | Guidebooks. |
| 9 (RLIN) | 5975375 |
| 650 #0 - SUBJECT ADDED ENTRY--TOPICAL TERM | |
| Topical term or geographic name as entry element | Cruise ships |
| Geographic subdivision | Caribbean Area |
| Form subdivision | Guidebooks. |
| 9 (RLIN) | 5975376 |
| 651 #0 - SUBJECT ADDED ENTRY--GEOGRAPHIC NAME | |
| Geographic name | Caribbean Area |
| Form subdivision | Guidebooks. |
| 9 (RLIN) | 5975377 |
| 700 1# - ADDED ENTRY--PERSONAL NAME | |
| Personal name | Bartlett, Ray. |
| 9 (RLIN) | 5975378 |
| 700 1# - ADDED ENTRY--PERSONAL NAME | |
| Personal name | Clammer, Paul. |
| 9 (RLIN) | 5975379 |
| 710 2# - ADDED ENTRY--CORPORATE NAME | |
| Corporate name or jurisdiction name as entry element | Lonely Planet Publications (Firm) |
| 9 (RLIN) | 43589 |
| 942 ## - ADDED ENTRY ELEMENTS (KOHA) | |
| Koha item type | BOOK |
| 948 ## - LOCAL PROCESSING INFORMATION (OCLC); SERIES PART DESIGNATOR (RLIN) | |
| Series part designator, SPT (RLIN) | 08/01/2018 |
| z (OCLC) | Sirsi |
| 994 ## - | |
| -- | C0 |
| -- | WACOL |
| 996 ## - | |
| -- | 151654 |
| -- | 34301001556424 |
| -- | NF |
| -- | bk |
| -- | wcl |
| -- | i |
| -- | 3 |
| -- | 19.95 |
| -- | sebco |
| -- | 917.29 Kin |
| -- | 08/01/2018 |
| -- | 02/26/2020 |
| -- | 02/15/2020 |
| Withdrawn status | Lost status | Source of classification or shelving scheme | Damaged status | Not for loan | Collection code | Home library | Current library | Shelving location | Date acquired | Source of acquisition | Cost, normal purchase price | Total Checkouts | Total Renewals | Full call number | Barcode | Date last seen | Date checked out | Cost, replacement price | Price effective from | Koha item type |
|---|---|---|---|---|---|---|---|---|---|---|---|---|---|---|---|---|---|---|---|---|
| Dewey Decimal Classification | General NonFiction | Wasatch County Library | Wasatch County Library | Second Floor | 08/01/2018 | SEBCO | 19.95 | 5 | 1 | 917.29 Kin | 34301001556424 | 01/08/2026 | 08/12/2025 | 19.95 | 03/20/2020 | BOOK |
